[Event "Avoine op 35th"]
[Site "Avoine"]
[Date "2021.07.17"]
[Round "2.6"]
[White "Pucher, Sebastien"]
[Black "Normand, Victor"]
[Result "1-0"]
[WhiteElo "2269"]
[BlackElo "1957"]
[PlyCount "81"]
[EventDate "2021.07.18"]
[EventType "swiss"]
[EventRounds "9"]
[EventCountry "FRA"]
[SourceTitle "EXT 2023"]
[Source "ChessBase"]
[SourceDate "2022.10.05"]
[SourceVersion "1"]
[SourceVersionDate "2022.10.05"]
[SourceQuality "1"]

1. c4 e5 2. g3 Nf6 3. Bg2 d5 4. cxd5 Nxd5 5. Nf3 Nc6 6. 0-0 Nb6 7. a3 Be7 8. d3 0-0 9. b4 Be6 10. Bb2 f6 11. Nbd2 a5 12. b5 Na7 13. a4 c5 14. Ne1 Nd5 15. Nc2 Nc8 16. Nc4 Ncb6 17. Qd2 Nxc4 18. dxc4 Nb6 19. Qc3 Nxc4 20. Bxb7 Nxb2 21. Bxa8 Qxa8 22. Qxb2 Bh3 23. Qb3+ Kh8 24. Ne3 Bxf1 25. Rxf1 Rd8 26. Qf7 Bf8 27. Rd1 Rxd1+ 28. Nxd1 c4 29. Qxc4 Qa7 30. Nc3 h6 31. Qc8 Kg8 32. Qe6+ Kh7 33. e3 Qc5 34. Qc6 Qa3 35. b6 Bd6 36. Ne4 Bb8 37. g4 Qb3 38. Kg2 h5 39. gxh5 Qd1 40. Ng3 Qg4 41. Qe4+ 1-0

[Event "Saint Affrique op 27th"]
[Site "Saint Affrique"]
[Date "2019.07.24"]
[Round "6"]
[White "Normand, Victor"]
[Black "Konguvel, Ponnuswamy"]
[Result "1/2-1/2"]
[WhiteElo "2038"]
[BlackElo "2343"]
[PlyCount "83"]
[EventDate "2019.07.20"]
[EventType "swiss"]
[EventRounds "9"]
[EventCountry "FRA"]
[SourceTitle "EXT 2020"]
[Source "ChessBase"]
[SourceDate "2019.10.17"]
[SourceVersion "1"]
[SourceVersionDate "2019.10.17"]
[SourceQuality "1"]

1. e4 c5 2. Nc3 Nc6 3. Bb5 Nd4 4. Bc4 a6 5. a4 e6 6. Nf3 Nf6 7. d3 d5 8. Ba2 Be7 9. 0-0 0-0 10. exd5 exd5 11. Nxd4 cxd4 12. Ne2 Qb6 13. Bg5 Be6 14. Nf4 Bd6 15. Nxe6 fxe6 16. Qe2 Rae8 17. Bb3 a5 18. Rae1 Nd7 19. Qg4 Ne5 20. Qh3 Kh8 21. Kh1 Nf7 22. Bd2 Bb4 23. Bxb4 Qxb4 24. f4 Qd6 25. Qh5 Qd7 26. Rf3 g6 27. Qh4 Nd6 28. Qf2 Qg7 29. Qd2 b6 30. Rff1 Nf5 31. c3 Qh6 32. Rf2 Ne3 33. g3 e5 34. fxe5 Rxf2 35. Qxf2 Ng4 36. Qc2 Rf8 37. cxd4 Rf2 38. Qc8+ Kg7 39. Qd7+ Kh8 40. Qc8+ Kg7 41. Qd7+ Kh8 42. Qc8+ 1/2-1/2

[Event "Liffre op"]
[Site "Liffre"]
[Date "2017.10.22"]
[Round "3"]
[White "Venkatesh, Marani Rajendran"]
[Black "Normand, Victor"]
[Result "1-0"]
[WhiteElo "2418"]
[BlackElo "1920"]
[PlyCount "81"]
[EventDate "2017.10.21"]
[EventType "swiss"]
[EventRounds "9"]
[EventCountry "FRA"]
[SourceTitle "CBM 181 Extra"]
[Source "ChessBase"]
[SourceDate "2017.12.12"]
[SourceVersion "1"]
[SourceVersionDate "2017.12.12"]
[SourceQuality "1"]

1. e4 e6 2. d3 d5 3. Nd2 c5 4. g3 Bd6 5. Ngf3 Nc6 6. Bg2 Nge7 7. 0-0 0-0 8. Re1 Qc7 9. c3 d4 10. Nc4 e5 11. Nxd6 Qxd6 12. c4 Rb8 13. b3 b5 14. cxb5 Rxb5 15. Nd2 Ba6 16. Nc4 Qc7 17. f4 Rb7 18. f5 Bxc4 19. dxc4 f6 20. Rf1 Qd6 21. Rf3 Rd8 22. Bf1 Nb4 23. a3 Nbc6 24. Bd3 Qb8 25. g4 Rxb3 26. g5 Kh8 27. Rh3 Rxd3 28. Qxd3 Qd6 29. Rb1 Rb8 30. Rxb8+ Qxb8 31. gxf6 gxf6 32. Rg3 Ng8 33. Rg2 Qe8 34. Bd2 Qf7 35. h3 Nce7 36. Qb3 Nc8 37. Qb8 Qd7 38. a4 d3 39. Bc3 Qc6 40. a5 Nge7 41. Qxe5 1-0

[Event "Liffre op"]
[Site "Liffre"]
[Date "2016.10.23"]
[Round "2"]
[White "Le Gouellec, Marc"]
[Black "Normand, Victor"]
[Result "1-0"]
[WhiteElo "1759"]
[BlackElo "1899"]
[PlyCount "137"]
[EventDate "2016.10.22"]
[EventType "swiss"]
[EventRounds "9"]
[EventCountry "FRA"]
[SourceTitle "CBM 175 Extra"]
[Source "ChessBase"]
[SourceDate "2016.12.12"]
[SourceVersion "1"]
[SourceVersionDate "2016.12.12"]
[SourceQuality "1"]

1. e4 e6 2. d4 d5 3. e5 c5 4. c3 Nc6 5. Nf3 Bd7 6. Bd3 cxd4 7. cxd4 Qb6 8. 0-0 Nxd4 9. Nxd4 Qxd4 10. Nc3 a6 11. Re1 Ne7 12. Qf3 Ng6 13. Bxg6 hxg6 14. Bg5 Qb6 15. Re2 Bc6 16. Qf4 Qc7 17. Qd4 Be7 18. Bxe7 Qxe7 19. Rae1 0-0-0 20. Rc2 Qh4 21. Qxh4 Rxh4 22. g3 Rh5 23. b4 Kb8 24. Rd2 d4 25. f4 Rhh8 26. Ne4 Bxe4 27. Rxe4 d3 28. Re3 Rd4 29. a3 Rhd8 30. Kf2 Kc7 31. Kf3 Kc6 32. Re1 Rc4 33. Ke3 Rc3 34. a4 b5 35. Ra1 Rb3 36. axb5+ Kxb5 37. Rc1 Rd7 38. Rc8 Kxb4 39. Rg8 a5 40. Rxg7 a4 41. Rg8 Rd5 42. g4 a3 43. Rb8+ Rb5 44. Rd8 Kc4 45. Rd7 Rc3 46. Rxf7 Kb3 47. Ra7 g5 48. fxg5 Rxe5+ 49. Kd4 Rd5+ 50. Ke3 Rxg5 51. Rb7+ Kc4 52. Rc7+ Rc5 53. Rxc5+ Kxc5 54. g5 Kb4 55. g6 Rc7 56. h4 Rg7 57. h5 Kb3 58. Rxd3+ Kb2 59. Ke4 a2 60. Rd2+ Kb3 61. Rxa2 Kxa2 62. Ke5 Kb3 63. Kxe6 Kc4 64. Kf6 Rc7 65. g7 Rc6+ 66. Kf7 Rc7+ 67. Kg8 Rc6 68. Kh7 Rc7 69. Kh8 1-0